[Event "ODJM A 2018"]
[Site "Willingen GER"]
[Date "2018.05.20"]
[Round "1"]
[White "Grund, Sebastian"]
[Black "Winkel, Peter"]
[Result "0-1"]
[Termination "normal"]
[Board "12"]
[WhiteElo "1892"]
[BlackElo "2110"]
[WhiteClock "00:07:46"]
[BlackClock "00:15:54"]
[PlyCount "108"]
[WhiteFideId "12988626"]
[BlackFideId "12954756"]
[EventCountry "GER"]
[EventRounds "9"]
[EventType "swiss"]
[EventDate "2018.05.19"]

1. d4 {[%clk 1:30:56]} 1... d5 {[%clk 1:30:57]} 2. Nf3 {[%clk 1:31:21]} 2...
Nf6 {[%clk 1:31:24]} 3. c4 {[%clk 1:31:43]} 3... c6 {[%clk 1:31:52]} 4. g3 {
[%clk 1:32:06]} 4... Bf5 {[%clk 1:31:57]} 5. Bg2 {[%clk 1:32:23]} 5... e6 {
[%clk 1:32:02]} 6. O-O {[%clk 1:32:43]} 6... h6 {[%clk 1:31:25]} 7. Nc3 { [%clk
1:32:42]} 7... Be7 {[%clk 1:25:29]} 8. b3 {[%clk 1:29:30]} 8... O-O { [%clk
1:23:11]} 9. Bb2 {[%clk 1:29:42]} 9... Nbd7 {[%clk 1:21:45]} 10. Nd2 { [%clk
1:22:50]} 10... a5 {[%clk 1:19:55]} 11. e4 {[%clk 1:21:18]} 11... dxe4 { [%clk
1:20:11]} 12. Ndxe4 {[%clk 1:21:36]} 12... Nxe4 {[%clk 1:20:09]} 13. Nxe4
{[%clk 1:21:55]} 13... a4 {[%clk 1:07:01]} 14. Qe2 {[%clk 1:13:20]} 14... Qb6 {
[%clk 1:00:07]} 15. Qe3 {[%clk 0:59:57]} 15... Rfd8 {[%clk 0:58:14]} 16. Rfd1 {
[%clk 0:58:28]} 16... Bg6 {[%clk 0:53:07]} 17. Qc3 {[%clk 0:36:37]} 17... a3 {
[%clk 0:43:17]} 18. Bc1 {[%clk 0:36:27]} 18... Nf6 {[%clk 0:41:25]} 19. Nxf6+ {
[%clk 0:33:56]} 19... Bxf6 {[%clk 0:41:52]} 20. c5 {[%clk 0:30:05]} 20... Qa5 {
[%clk 0:32:13]} 21. b4 {[%clk 0:19:51]} 21... Qa4 {[%clk 0:31:37]} 22. Be3 {
[%clk 0:19:10]} 22... Rd7 {[%clk 0:22:32]} 23. Rd2 {[%clk 0:15:51]} 23... Rad8
{[%clk 0:22:49]} 24. Bf3 {[%clk 0:14:37]} 24... Qa7 {[%clk 0:14:20]} 25. Rad1 {
[%clk 0:12:39]} 25... Ra8 {[%clk 0:13:12]} 26. Qb3 {[%clk 0:09:58]} 26... Qa4 {
[%clk 0:12:00]} 27. Qc3 {[%clk 0:09:29]} 27... Bh7 {[%clk 0:07:51]} 28. Re1 {
[%clk 0:07:48]} 28... Rad8 {[%clk 0:08:06]} 29. Bd1 {[%clk 0:07:17]} 29... Qa7
{[%clk 0:08:04]} 30. Bf3 {[%clk 0:06:13]} 30... Bf5 {[%clk 0:08:01]} 31. Red1 {
[%clk 0:06:30]} 31... Ra8 {[%clk 0:06:46]} 32. Qb3 {[%clk 0:06:00]} 32... Qa6 {
[%clk 0:06:25]} 33. Rc1 {[%clk 0:05:03]} 33... Qb5 {[%clk 0:05:06]} 34. Be2 {
[%clk 0:04:56]} 34... Qa4 {[%clk 0:05:26]} 35. Qc3 {[%clk 0:04:45]} 35... Be4 {
[%clk 0:05:36]} 36. Bd3 {[%clk 0:03:12]} 36... Bxd3 {[%clk 0:04:42]} 37. Rxd3 {
[%clk 0:03:33]} 37... Qb5 {[%clk 0:04:40]} 38. Rb1 {[%clk 0:03:42]} 38... e5 {
[%clk 0:03:16]} 39. Rbd1 {[%clk 0:02:06]} 39... Rad8 {[%clk 0:01:38]} 40. Qxa3
{[%clk 0:01:20]} 40... exd4 {[%clk 0:01:07]} 41. Qb3 {[%clk 0:00:35]} 41... Rd5
{[%clk 0:28:35]} 42. a4 {[%clk 0:27:49]} 42... Qa6 {[%clk 0:29:00]} 43. Bf4 {
[%clk 0:26:52]} 43... Re8 {[%clk 0:28:00]} 44. Bc7 {[%clk 0:21:56]} 44... Qa8 {
[%clk 0:26:34]} 45. Bb6 {[%clk 0:21:44]} 45... Qc8 {[%clk 0:26:07]} 46. R3d2 {
[%clk 0:08:22]} 46... Qh3 {[%clk 0:21:32]} 47. Qf3 {[%clk 0:08:44]} 47... Rde5
{[%clk 0:21:12]} 48. Rf1 {[%clk 0:09:05]} 48... Re1 {[%clk 0:19:20]} 49. Qg2 {
[%clk 0:09:28]} 49... Qf5 {[%clk 0:19:12]} 50. Rd1 {[%clk 0:08:51]} 50... Rxd1
{[%clk 0:18:02]} 51. Rxd1 {[%clk 0:09:14]} 51... Qc2 {[%clk 0:18:24]} 52. Qf3 {
[%clk 0:08:07]} 52... Qxa4 {[%clk 0:17:02]} 53. Ba5 {[%clk 0:08:17]} 53... Qc2
{[%clk 0:16:50]} 54. Bc7 {[%clk 0:07:46]} 54... Qc3 {[%clk 0:15:54]} 0-1

[Event "ODJM A 2018"]
[Site "Willingen GER"]
[Date "2018.05.20"]
[Round "1"]
[White "Giraud, Valerian"]
[Black "Müller, Magnus"]
[Result "1-0"]
[Termination "normal"]
[Board "13"]
[WhiteElo "2034"]
[BlackElo "1782"]
[PlyCount "39"]
[WhiteFideId "12920355"]
[BlackFideId "16230060"]
[EventCountry "GER"]
[EventRounds "9"]
[EventType "swiss"]
[EventDate "2018.05.19"]

1. d4 Nf6 2. c4 e6 3. Nc3 d5 4. cxd5 exd5 5. Bg5 c6 6. Qc2 Be7 7. e3 Nbd7 8.
Bd3 O-O 9. Nge2 Re8 10. O-O Nf8 11. f3 g6 12. Rad1 Ne6 13. Bh4 b5 14. Kh1 Qb6
15. Bxf6 Bxf6 16. Bxb5 cxb5 17. Nxd5 Qd8 18. Qc6 Rb8 19. Qxe8+ Qxe8 20. Nxf6+
1-0

[Event "ODJM A 2018"]
[Site "Willingen GER"]
[Date "2018.05.20"]
[Round "1"]
[White "Fuhlrott, Tim"]
[Black "Savchenko, Daniel"]
[Result "0-1"]
[Termination "normal"]
[Board "14"]
[WhiteElo "1930"]
[BlackElo "2117"]
[PlyCount "86"]
[WhiteFideId "16222431"]
[BlackFideId "12919195"]
[EventCountry "GER"]
[EventRounds "9"]
[EventType "swiss"]
[EventDate "2018.05.19"]

1. c4 e5 2. g3 d6 3. Nc3 g6 4. Bg2 Bg7 5. e4 Be6 6. d3 Nc6 7. Nge2 Qd7 8. Nd5
Nge7 9. Bh6 O-O 10. Bxg7 Kxg7 11. O-O h5 12. f4 f6 13. Qd2 Ng8 14. fxe5 dxe5
15. Rf2 Rad8 16. Raf1 Bg4 17. Bf3 Nce7 18. Bxg4 hxg4 19. Qa5 c6 20. Nxe7 b6 21.
Nf5+ gxf5 22. Qa3 Qe7 23. Qc3 fxe4 24. dxe4 Qd6 25. Rc1 Qd3 26. Qxd3 Rxd3 27.
c5 b5 28. Rc3 Rfd8 29. Rxd3 Rxd3 30. a3 Nh6 31. Nc3 Nf7 32. Kf1 Ng5 33. Ke2 Rd4
34. Ke3 a5 35. Rd2 b4 36. axb4 axb4 37. Rxd4 exd4+ 38. Kxd4 bxc3 39. Kxc3 Nxe4+
40. Kd4 Ng5 41. b4 Nf3+ 42. Kc4 Ne5+ 43. Kb3 Kf7 0-1

[Event "ODJM A 2018"]
[Site "Willingen GER"]
[Date "2018.05.20"]
[Round "1"]
[White "Herbrig, Marie-Helén"]
[Black "Rieper, Julian"]
[Result "0-1"]
[Termination "normal"]
[Board "16"]
[WhiteElo "1909"]
[BlackElo "2038"]
[PlyCount "100"]
[WhiteFideId "12900427"]
[BlackFideId "12936960"]
[EventCountry "GER"]
[EventRounds "9"]
[EventType "swiss"]
[EventDate "2018.05.19"]

1. d4 Nf6 2. Nf3 d5 3. Bf4 c6 4. c3 Bf5 5. Nbd2 Qb6 6. Nb3 Nbd7 7. e3 e6 8. Nh4
Bg6 9. Nxg6 hxg6 10. Bd3 c5 11. dxc5 Bxc5 12. Qc2 Be7 13. h3 Rc8 14. a4 e5 15.
Bg3 a6 16. Be2 Ne4 17. Bh2 f5 18. Rd1 Qe6 19. Nd2 Ndf6 20. Nf3 Bd6 21. Qb3 O-O
22. Qb6 Qe7 23. Qb3 Rc5 24. c4 Rfc8 25. cxd5 Kh8 26. O-O Bb8 27. Qa3 Qe8 28. b4
Rc3 29. Qa1 g5 30. Bd3 g4 31. hxg4 fxg4 32. Nd2 Rxd3 33. Nxe4 Rxd1 34. Qxd1
Nxe4 35. Qxg4 Nf6 36. Qf3 Rc4 37. Rb1 Rh4 38. Qd1 Qg6 39. Bg3 Rh5 40. d6 Bxd6
41. Rc1 Qh6 42. Rc8+ Ng8 43. Kf1 Rh1+ 44. Ke2 Rxd1 45. Kxd1 Bxb4 46. Rc4 Qd6+
47. Kc2 Qd2+ 48. Kb3 a5 49. Rh4+ Nh6 50. Rh1 Qc3+ 0-1

[Event "ODJM A 2018"]
[Site "Willingen GER"]
[Date "2018.05.20"]
[Round "1"]
[White "Hartmann, Jakob"]
[Black "Seref, Erdogan"]
[Result "0-1"]
[Termination "normal"]
[Board "17"]
[WhiteElo "2194"]
[BlackElo "1991"]
[PlyCount "102"]
[WhiteFideId "12918067"]
[BlackFideId "16206827"]
[EventCountry "GER"]
[EventRounds "9"]
[EventType "swiss"]
[EventDate "2018.05.19"]

1. e4 e5 2. Nf3 Nc6 3. Bc4 Bc5 4. c3 Nf6 5. d3 d6 6. O-O O-O 7. Nbd2 a6 8. Bb3
Ba7 9. h3 Ne7 10. Re1 Ng6 11. Nf1 Re8 12. Ng3 h6 13. Be3 Bxe3 14. fxe3 Be6 15.
Nh2 d5 16. Qf3 Qd7 17. Rf1 c6 18. Rad1 Rad8 19. Nf5 Bxf5 20. exf5 e4 21. Qf2
Ne5 22. d4 Nd3 23. Qe2 h5 24. Rd2 Qd6 25. Bd1 Qg3 26. Kh1 Rd7 27. Rg1 Nc1 28.
Qf2 Qxf2 29. Rxf2 Nd3 30. Rd2 c5 31. g4 hxg4 32. hxg4 g5 33. fxg6 fxg6 34. g5
Nh5 35. Ng4 Kg7 36. Nf2 c4 37. Kg2 Rf7 38. Bg4 Ref8 39. Nxd3 cxd3 40. Be6 {(=)}
Rf3 41. Bxd5 Rg3+ 42. Kh1 Rh3+ 43. Kg2 Rg3+ 44. Kh1 Rxe3 45. Bxb7 Rff3 46. Bxa6
Rh3+ 47. Rh2 d2 48. Bc8 Re1 49. Bg4 {(=)} Rg3 50. Rhg2 Rxg4 51. Rxg4 d1=Q 0-1

[Event "ODJM A 2018"]
[Site "Willingen GER"]
[Date "2018.05.20"]
[Round "1"]
[White "Do, Nam"]
[Black "Heldt, Maximilian"]
[Result "1/2-1/2"]
[Termination "normal"]
[Board "20"]
[WhiteElo "1947"]
[BlackElo "2050"]
[PlyCount "41"]
[WhiteFideId "12998885"]
[BlackFideId "12952346"]
[EventCountry "GER"]
[EventRounds "9"]
[EventType "swiss"]
[EventDate "2018.05.19"]

1. e4 e6 2. d4 d5 3. Nc3 Nf6 4. Bg5 Bb4 5. e5 h6 6. Bd2 Nfd7 7. Qg4 g6 8. Bd3
Nf8 9. a3 Be7 10. Be3 b6 11. b4 Nbd7 12. Na4 Bb7 13. Qe2 Qc8 14. Nf3 a6 15. O-O
Bc6 16. Nb2 Bb7 17. Na4 Bc6 18. Nb2 Bb7 19. Rfc1 c5 20. c4 dxc4 21. Nxc4
1/2-1/2

[Event "ODJM A 2018"]
[Site "Willingen GER"]
[Date "2018.05.20"]
[Round "1"]
[White "Wübker, Paul-Luca"]
[Black "Petersen, Finn Christopher"]
[Result "0-1"]
[Termination "normal"]
[Board "21"]
[WhiteElo "2132"]
[BlackElo "1821"]
[PlyCount "56"]
[WhiteFideId "12939528"]
[BlackFideId "12964840"]
[EventCountry "GER"]
[EventRounds "9"]
[EventType "swiss"]
[EventDate "2018.05.19"]

1. d4 Nf6 2. c4 e6 3. Nf3 d5 4. Nc3 dxc4 5. e3 a6 6. a4 c5 7. Bxc4 Nc6 8. O-O
Be7 9. d5 exd5 10. Nxd5 Nxd5 11. Bxd5 Nb4 12. Bc4 O-O 13. Bd2 Bf5 14. Bxb4 cxb4
15. Qb3 Bc5 16. Rad1 Qf6 17. Bd5 Rfb8 18. e4 Bg4 19. Rd3 a5 20. h3 Bd7 21. Rc1
b6 22. e5 Qg6 23. Rc4 Bxa4 24. Rg4 Bxb3 25. Rxg6 Bxd5 26. Rg3 Bxf3 27. Rdxf3
Bd4 28. Rf5 Bxb2 0-1

[Event "ODJM A 2018"]
[Site "Willingen GER"]
[Date "2018.05.20"]
[Round "1"]
[White "Brandl, Lea Maria"]
[Black "Wanner, Lukas"]
[Result "0-1"]
[Termination "normal"]
[Board "22"]
[WhiteElo "1932"]
[BlackElo "2045"]
[PlyCount "76"]
[WhiteFideId "24693049"]
[BlackFideId "12918148"]
[EventCountry "GER"]
[EventRounds "9"]
[EventType "swiss"]
[EventDate "2018.05.19"]

1. d4 g6 2. c4 Bg7 3. Nc3 Nf6 4. e4 d6 5. Nf3 O-O 6. Be2 e5 7. O-O Nc6 8. d5
Ne7 9. Nd2 Nd7 10. b4 a5 11. bxa5 Rxa5 12. Nb3 Ra8 13. a4 f5 14. a5 fxe4 15.
Nxe4 Nf6 16. Nc3 c5 17. dxc6 bxc6 18. Ba3 c5 19. Qd2 Nf5 20. Nb5 Bh6 21. Qc2
Bb7 22. Rfd1 Nd4 23. N5xd4 exd4 24. Bc1 Bxc1 25. Rdxc1 Kg7 26. f3 Re8 27. Bd3
Qc7 28. Rcb1 Ba6 29. Nd2 Rab8 30. Rxb8 Rxb8 31. Ne4 Rb4 32. Nxf6 Kxf6 33. Qe2
Qe7 34. Qxe7+ Kxe7 35. Ra2 d5 36. Re2+ Kd6 37. Kf2 dxc4 38. Be4 c3 0-1

[Event "ODJM A 2018"]
[Site "Willingen GER"]
[Date "2018.05.20"]
[Round "1"]
[White "Melde, Benjamin"]
[Black "Buller, Ian Joshua"]
[Result "1/2-1/2"]
[Termination "normal"]
[Board "23"]
[WhiteElo "2069"]
[BlackElo "1779"]
[PlyCount "141"]
[WhiteFideId "12958816"]
[BlackFideId "12990655"]
[EventCountry "GER"]
[EventRounds "9"]
[EventType "swiss"]
[EventDate "2018.05.19"]

1. c4 c5 2. g3 g6 3. Bg2 Bg7 4. Nc3 Nc6 5. a3 e6 6. b4 d6 7. Rb1 Nge7 8. Nf3
O-O 9. O-O Rb8 10. bxc5 dxc5 11. Ne4 b6 12. Bb2 e5 13. d3 Bb7 14. Qa4 Qd7 15.
Rfd1 Rfd8 16. e3 Ba8 17. Ba1 Qc7 18. Nc3 Qd7 19. Rd2 Na5 20. Qxd7 Rxd7 21. Ne4
Bxe4 22. dxe4 Rxd2 23. Nxd2 Rd8 24. Bc3 Nac6 25. Kf1 f6 26. Ke2 Kf7 27. Bh3 Nc8
28. Rc1 Nd6 29. Bb2 Ke7 30. Rc3 Na5 31. Rc1 Nc6 32. Bg2 Na5 33. g4 h6 34. Bf1
Ke6 35. Rc2 Ke7 36. f3 h5 37. gxh5 gxh5 38. Kf2 Bh6 39. Bc3 Nc6 40. Nb1 Rg8 41.
Bd2 Bg5 42. Bh3 Bh4+ 43. Kf1 Kf7 44. Bd7 Ne7 45. Bc1 Rd8 46. Ba4 Nb7 47. Nc3
Nd6 48. Nd5 Nxd5 49. exd5 Rg8 50. f4 Ke7 51. Bb3 e4 52. Bb2 f5 53. Be5 Rg6 54.
Rg2 Rxg2 55. Kxg2 Bf6 56. Kh3 h4 57. a4 a5 58. Bxf6+ Kxf6 59. Kxh4 Kg6 60. Kg3
Kh6 61. Kf2 Kg6 62. Ke2 Kh5 63. Ke1 Kg6 64. Kd2 Kh5 65. Ke1 Kg6 66. Kd2 Kh5 67.
Ke1 Kg6 68. Kd2 Kh5 69. Ke1 Kg6 70. Kd2 Kh5 71. Ke1 1/2-1/2

[Event "ODJM A 2018"]
[Site "Willingen GER"]
[Date "2018.05.20"]
[Round "1"]
[White "Wissing, Philipp"]
[Black "Teichert, Felix"]
[Result "1/2-1/2"]
[Termination "normal"]
[Board "24"]
[WhiteElo "1802"]
[BlackElo "1970"]
[PlyCount "120"]
[WhiteFideId "12993654"]
[BlackFideId "12987670"]
[EventCountry "GER"]
[EventRounds "9"]
[EventType "swiss"]
[EventDate "2018.05.19"]

1. e3 g6 2. c4 c5 3. Nc3 Bg7 4. b3 Nf6 5. Bb2 O-O 6. Nf3 e6 7. g3 Nc6 8. d3 d5
9. Bg2 dxc4 10. dxc4 Ne4 11. Nxe4 Bxb2 12. Rb1 Qa5+ 13. Qd2 Ba3 14. Qxa5 Nxa5
15. Ne5 f5 16. Nd2 Rd8 17. Ke2 Bd7 18. Nxd7 Rxd7 19. Nf3 Nc6 20. Rhd1 Re7 21.
Rd6 e5 22. Ne1 e4 23. Nc2 Bb4 24. Bh3 Ba5 25. Rbd1 Ne5 26. Ne1 Kg7 27. Bg2 Bc7
28. R6d5 b6 29. f4 exf3+ 30. Bxf3 Rae8 31. Nc2 Nf7 32. Kf2 Ng5 33. Rd7 Be5 34.
Bc6 Bf6 35. R1d3 Nf7 36. Rxe7 Rxe7 37. Bf3 Ne5 38. Rd1 Bg5 39. Rd6 h5 40. h4
Bf6 41. Rd5 Kf7 42. Rd6 Re8 43. Bd5+ Kg7 44. Bf3 Rf8 45. Ke2 Re8 46. Kf2 Bd8
47. Rd2 Bc7 48. Rd5 Re7 49. Rd2 g5 50. hxg5 Kg6 51. Rd1 Kxg5 52. Be2 Rg7 53.
Rh1 Rh7 54. Ne1 Kg6 55. Nd3 Nd7 56. Nf4+ Bxf4 57. exf4 Nf6 58. Bf3 Rd7 59. Re1
Kf7 60. Re5 Kg6 1/2-1/2

[Event "ODJM A 2018"]
[Site "Willingen GER"]
[Date "2018.05.20"]
[Round "1"]
[White "Förster, Erik"]
[Black "Leser, Stefan"]
[Result "1/2-1/2"]
[Termination "normal"]
[Board "25"]
[WhiteElo "2074"]
[BlackElo "1852"]
[PlyCount "118"]
[WhiteFideId "12918601"]
[BlackFideId "12997706"]
[EventCountry "GER"]
[EventRounds "9"]
[EventType "swiss"]
[EventDate "2018.05.19"]

1. d4 e6 2. g3 d5 3. Bg2 Nf6 4. Nf3 Be7 5. O-O O-O 6. c4 dxc4 7. Qc2 a6 8. a4
a5 9. Qxc4 Na6 10. Nc3 Nb4 11. Bf4 Bd6 12. Ne5 Nfd5 13. Nb5 Nxf4 14. gxf4 c6
15. Nxd6 Qxd6 16. e3 f6 17. Nd3 Nxd3 18. Qxd3 b6 19. Qb3 Rb8 20. Rac1 Bd7 21.
Rc2 Rfc8 22. Rfc1 Kf8 {(=)} 23. Qd3 Kg8 24. Qa6 Rc7 25. Rc3 Bc8 26. Qd3 Bd7 27.
Qc2 Rbc8 28. Qb3 b5 29. Rc5 Kf8 30. Qc2 bxa4 31. Qxh7 Be8 32. Qh8+ Ke7 33.
Qxg7+ Bf7 34. Qh7 Rg8 35. Qe4 Be8 36. d5 Bg6 37. Qxe6+ Qxe6 38. dxe6 Be4 39. f3
Bxf3 40. R1c2 Kd6 41. Rxa5 Rcg7 42. Rg5 fxg5 43. Bxf3 gxf4+ 44. Kf2 fxe3+ 45.
Kxe3 Rc7 46. Rc4 Rh8 47. h4 Kxe6 48. Rxa4 c5 49. Re4+ Kd6 50. Rg4 Rb8 51. Rg6+
Ke5 52. Rg5+ Kf6 53. Rg2 Rb3+ 54. Kf4 Rb4+ 55. Be4 Re7 56. Re2 Rf7 57. Kg3 Rb3+
58. Kf4 Re7 59. h5 Re5 1/2-1/2

[Event "ODJM A 2018"]
[Site "Willingen GER"]
[Date "2018.05.20"]
[Round "1"]
[White "Brunner, Jan"]
[Black "Jurga, Jonas Vincent"]
[Result "1-0"]
[Termination "normal"]
[Board "27"]
[WhiteElo "2005"]
[BlackElo "1857"]
[PlyCount "117"]
[WhiteFideId "12981010"]
[BlackFideId "12968013"]
[EventCountry "GER"]
[EventRounds "9"]
[EventType "swiss"]
[EventDate "2018.05.19"]

1. c4 Nf6 2. g3 g6 3. Bg2 Bg7 4. Nf3 O-O 5. d4 d6 6. O-O c6 7. Nc3 Qa5 8. e4
Qh5 9. Qb3 Nbd7 10. h3 e5 11. g4 Nxg4 12. hxg4 Qxg4 13. dxe5 Nxe5 14. Nxe5 Bxe5
15. Qd1 Qh4 16. f4 Bg4 17. Qd3 Bxc3 18. Qxc3 f5 19. e5 dxe5 20. fxe5 Rad8 21.
Qe1 Qh5 22. e6 Rfe8 23. e7 Rd1 24. Qe6+ Kg7 25. b3 f4 26. Bb2+ Kh6 27. Qe5 Qxe5
28. Bxe5 Rxa1 29. Bxa1 Rxe7 30. Rxf4 Re1+ 31. Rf1 Re2 32. Bd4 Bf5 33. Rf2 Re1+
34. Kh2 a6 35. Bf6 Re6 36. Bd8 Re8 37. Ba5 Re7 38. Kg3 Re8 39. Bf3 Kg7 40. Re2
Rxe2 41. Bxe2 Kf6 42. Bc7 Bb1 43. a3 Bc2 44. b4 h5 45. Kf4 g5+ 46. Ke3 g4 47.
Kf4 Bf5 48. c5 Bc2 49. Bc4 Bd1 50. Bd8+ Kg6 51. Be6 Be2 52. Bh4 Bb5 53. Ke5 a5
54. Kd6 axb4 55. axb4 Ba6 56. Kc7 g3 57. Bxg3 Kg5 58. Bc8 h4 59. Bh2 1-0

[Event "ODJM A 2018"]
[Site "Willingen GER"]
[Date "2018.05.20"]
[Round "1"]
[White "Tham, Minh"]
[Black "Garbuz, Vitaliy"]
[Result "1/2-1/2"]
[Termination "normal"]
[Board "28"]
[WhiteElo "1910"]
[BlackElo "2032"]
[PlyCount "157"]
[WhiteFideId "12997323"]
[BlackFideId "12990710"]
[EventCountry "GER"]
[EventRounds "9"]
[EventType "swiss"]
[EventDate "2018.05.19"]

1. e4 e5 2. Nf3 Nc6 3. Bc4 Nf6 4. d3 Qe7 5. O-O Na5 6. Bb3 Nxb3 7. axb3 d6 8.
h3 g6 9. Nc3 Bg7 10. Be3 O-O 11. Re1 c5 12. Bg5 Be6 13. Qd2 Qd7 14. Be3 Qc6 15.
Ng5 Bd7 16. Nf3 Rfe8 17. Bg5 Be6 18. Bxf6 Bxf6 19. Ng5 Bd7 20. Nd5 Bg7 21. c4
h6 22. Nf3 Be6 23. Nc3 Kh7 24. Qe3 f5 25. Nd2 Rf8 26. Ra5 Rf7 27. Rea1 a6 28.
f3 Raf8 29. R5a4 Bf6 30. Qe2 Rg8 31. b4 cxb4 32. Nd5 Bxd5 33. exd5 Qc5+ 34. Qf2
e4 35. Qxc5 dxc5 36. dxe4 Bxb2 37. R1a2 Bc3 38. Ra5 b3 39. Nxb3 Bxa5 40. Rxa5
fxe4 41. fxe4 Re8 42. Nd2 Rc7 43. Kf2 Kg7 44. Ke3 Kf6 45. Nb3 Rec8 46. Nc1 Ra8
47. Nd3 b6 48. Ra1 Rf7 49. e5+ Ke7 50. Ke4 a5 51. Nf4 Rxf4+ 52. Kxf4 Rf8+ 53.
Ke3 Rf5 54. e6 Kd6 55. Rb1 Kc7 56. g4 Re5+ 57. Kd3 a4 58. Ra1 b5 59. cxb5 Kb6
60. Rxa4 Kxb5 61. Re4 Rxd5+ 62. Kc3 Rd8 63. e7 Re8 64. Re6 g5 65. Kd3 c4+ 66.
Kd4 c3 67. Kxc3 Kc5 68. Kd3 Kd5 69. Rxh6 Rxe7 70. Rg6 Rh7 71. Rxg5+ Ke6 72. Ke4
Rxh3 73. Rg6+ Kf7 74. Kf5 Rf3+ 75. Kg5 Rg3 76. Rf6+ Kg7 77. Ra6 Rb3 78. Ra7+
Kg8 79. Kh5 1/2-1/2

[Event "ODJM A 2018"]
[Site "Willingen GER"]
[Date "2018.05.20"]
[Round "1"]
[White "Oganessjan, Artur"]
[Black "Hoffmann, Fabian"]
[Result "1/2-1/2"]
[Termination "normal"]
[Board "29"]
[WhiteElo "2045"]
[BlackElo "1893"]
[PlyCount "128"]
[WhiteFideId "12986062"]
[BlackFideId "12964891"]
[EventCountry "GER"]
[EventRounds "9"]
[EventType "swiss"]
[EventDate "2018.05.19"]

1. Nf3 d5 2. e3 Nf6 3. c4 e6 4. b3 b6 5. Bb2 Bb7 6. Be2 Bd6 7. O-O O-O 8. d4
Ne4 9. Nc3 f5 10. Rc1 a6 11. cxd5 Nxc3 12. Bxc3 Bxd5 13. Qd2 Nc6 14. Ne5 Qh4
15. f4 Nxe5 16. fxe5 Be7 17. Bf3 Rad8 18. Qe2 Ba3 19. Bb2 Bxb2 20. Qxb2 Bxf3
21. Rxf3 c5 22. Rf4 Qh5 23. Qc3 Rd5 24. b4 cxb4 25. Qc6 Qf7 26. Qxb6 a5 27. e4
Rdd8 28. exf5 exf5 29. e6 Qf6 30. Rd1 Rd5 31. Rff1 Rfd8 32. Rfe1 R5d6 33. Qxa5
Rxd4 34. Rxd4 Qxd4+ 35. Kh1 Qd2 36. Qe5 Re8 37. h3 Qxa2 38. Qxf5 Qa7 39. Qb5
Qb8 40. Qd7 b3 41. Re2 Rc8 42. Qf7+ Kh8 43. Re1 b2 44. Qf1 Re8 45. Qf5 Rxe6 46.
Qxe6 b1=Q 47. Rxb1 Qxb1+ 48. Kh2 Qb8+ 49. Kg1 h6 50. Qe3 Qf8 51. g4 Qd6 52. Kg2
Qd5+ 53. Kg3 Qd6+ 54. Qf4 Qd3+ 55. Qf3 Qxf3+ 56. Kxf3 g5 57. Ke4 Kg7 58. Ke5
Kg6 59. Ke6 Kg7 60. Ke7 Kg6 61. Ke6 Kg7 62. Ke7 Kg6 63. Kf8 Kf6 64. Kg8 Kg6
1/2-1/2

[Event "ODJM A 2018"]
[Site "Willingen GER"]
[Date "2018.05.20"]
[Round "1"]
[White "Nguyen, Ha Thanh"]
[Black "Engel, Robert"]
[Result "0-1"]
[Termination "normal"]
[Board "30"]
[WhiteElo "1882"]
[BlackElo "2081"]
[PlyCount "98"]
[WhiteFideId "12942154"]
[BlackFideId "12974684"]
[EventCountry "GER"]
[EventRounds "9"]
[EventType "swiss"]
[EventDate "2018.05.19"]

1. e4 c5 2. Nf3 d6 3. d4 cxd4 4. Nxd4 Nf6 5. Nc3 a6 6. Be2 e5 7. Nb3 Be7 8. Be3
O-O 9. O-O Be6 10. Qd3 Nbd7 11. Nd5 Bxd5 12. exd5 Rc8 13. c4 h6 14. Rfd1 Nh7
15. Rac1 b6 16. Bg4 Bg5 17. Bxg5 Nxg5 18. h4 Nh7 19. Qh3 Nhf6 20. Be2 Nc5 21.
Nd2 a5 22. Nf1 Qd7 23. Qe3 {(=)} Ng4 24. Qg3 f5 25. f3 Nf6 26. Qe1 Qa4 27. a3
Nb3 28. Rc3 Nh5 29. Bd3 Nd4 30. Ng3 Nxg3 31. b3 Qxa3 32. Qxg3 a4 33. f4 e4 34.
Bf1 Nxb3 35. Kh1 Qc5 36. Qe1 Rce8 37. Re3 Qa5 38. Qe2 Nc5 39. Qb2 Ra8 40. Rg3
Ra7 41. Ra1 Kh7 42. Raa3 Qe1 43. Qe2 Qxe2 44. Bxe2 Rc8 45. Bh5 Rf8 46. Kh2 Nd3
47. Bd1 Rfa8 48. Re3 Nxf4 49. g4 g6 0-1

[Event "ODJM A 2018"]
[Site "Willingen GER"]
[Date "2018.05.20"]
[Round "1"]
[White "Stelmaszyk, Nico"]
[Black "Langner, Jasper"]
[Result "1-0"]
[Termination "normal"]
[Board "31"]
[WhiteElo "1919"]
[BlackElo "1707"]
[PlyCount "51"]
[WhiteFideId "16200462"]
[BlackFideId "16202554"]
[EventCountry "GER"]
[EventRounds "9"]
[EventType "swiss"]
[EventDate "2018.05.19"]

1. e4 c5 2. Nf3 g6 3. d4 cxd4 4. Qxd4 Nf6 5. e5 Nc6 6. Qa4 Nd5 7. Qe4 Nc7 8.
Nc3 Bg7 9. Bc4 O-O 10. Bf4 Ne6 11. O-O-O Qa5 12. Bxe6 dxe6 13. h4 h6 14. Kb1
Qb4 15. Qe3 Kh7 16. h5 g5 17. Bxg5 Nxe5 18. Nxe5 hxg5 19. Qxg5 Bf6 20. Qg3 Qa5
21. Nxf7 Rxf7 22. Qg6+ Kh8 23. Qxf7 Qb6 24. Qf8+ Kh7 25. Rd8 Bxc3 26. Qf7+ 1-0

[Event "ODJM A 2018"]
[Site "Willingen GER"]
[Date "2018.05.20"]
[Round "1"]
[White "Günther, Emil"]
[Black "Hinrichs, Niklas"]
[Result "0-1"]
[Termination "normal"]
[Board "32"]
[WhiteElo "1584"]
[BlackElo "1976"]
[PlyCount "70"]
[WhiteFideId "16228154"]
[BlackFideId "12942499"]
[EventCountry "GER"]
[EventRounds "9"]
[EventType "swiss"]
[EventDate "2018.05.19"]

1. Nf3 d5 2. d4 Nf6 3. g3 e6 4. Bg2 c5 5. e3 Nc6 6. O-O Be7 7. b3 O-O 8. Bb2 b6
9. Nbd2 Bb7 10. c4 Rc8 11. Qe2 Qc7 12. Rac1 Qb8 13. Rfd1 Rfd8 14. h4 Qa8 15.
Qf1 h6 16. cxd5 exd5 17. dxc5 bxc5 18. Bxf6 Bxf6 19. Rxc5 Nb4 20. Ra5 Rd6 21.
Nd4 Bd8 22. Nb5 Bxa5 23. Nxd6 Ba6 24. N2c4 Rd8 25. Qe1 Rxd6 26. Nxa5 Qb8 27.
Qd2 Nd3 28. Bf1 Ne5 29. Bg2 Qd8 30. Qd4 Be2 31. Rd2 Nf3+ 32. Bxf3 Bxf3 33. Nc4
Qc8 34. Qf4 Rf6 35. Nd6 Qh3 0-1

[Event "ODJM A 2018"]
[Site "Willingen GER"]
[Date "2018.05.20"]
[Round "1"]
[White "Schallner, Marc"]
[Black "Möller, Lisa-Marie"]
[Result "1/2-1/2"]
[Termination "normal"]
[Board "33"]
[WhiteElo "1993"]
[BlackElo "1865"]
[PlyCount "67"]
[WhiteFideId "12971243"]
[BlackFideId "12959367"]
[EventCountry "GER"]
[EventRounds "9"]
[EventType "swiss"]
[EventDate "2018.05.19"]

1. e4 c5 2. Nf3 e6 3. d4 cxd4 4. Nxd4 a6 5. Bd3 Nf6 6. O-O Qc7 7. Nc3 b5 8. Qe2
d6 9. a4 b4 10. Na2 d5 11. e5 Nfd7 12. Re1 Nc6 13. Nxc6 Qxc6 14. Bd2 Rb8 15.
Nc1 Nc5 16. b3 Nxd3 17. Qxd3 a5 18. Ra2 Ba6 19. Qg3 g6 20. Nd3 Bg7 21. Nf4 Qc7
22. Nh5 Bf8 23. Nf6+ Kd8 24. Bg5 Be7 25. Qh4 Kc8 26. Raa1 Kb7 27. Rac1 Rbc8 28.
Bd2 Qd8 29. Qf4 Bxf6 30. exf6 Re8 31. Qd4 Qb6 32. Qh4 e5 33. Qg4 Qe6 34. Qxe6
1/2-1/2

[Event "ODJM A 2018"]
[Site "Willingen GER"]
[Date "2018.05.20"]
[Round "1"]
[White "von Freymann, Franz"]
[Black "Stemmler, Fabian"]
[Result "0-1"]
[Termination "normal"]
[Board "34"]
[WhiteElo "1809"]
[BlackElo "1963"]
[PlyCount "56"]
[WhiteFideId "12994014"]
[BlackFideId "12964808"]
[EventCountry "GER"]
[EventRounds "9"]
[EventType "swiss"]
[EventDate "2018.05.19"]

1. d4 d5 2. Bf4 Nf6 3. e3 e6 4. Nd2 c5 5. c3 Nc6 6. Ngf3 cxd4 7. exd4 Nh5 8.
Bg5 f6 9. Bh4 Bd6 10. Ne5 g6 11. Nxc6 bxc6 12. Qc2 O-O 13. Bg3 Nf4 14. Bxf4
Bxf4 15. Bd3 Kg7 16. g3 Bd6 17. O-O-O Bd7 18. h4 c5 19. h5 cxd4 20. hxg6 hxg6
21. Bxg6 Rh8 22. Rh7+ Rxh7 23. Bxh7 f5 24. Rh1 Qf6 25. g4 dxc3 26. bxc3 Rc8 27.
Rh3 Rh8 28. gxf5 exf5 0-1